International management : managing in a diverse and dynamic global environment

में बचाया:
ग्रंथसूची विवरण
मुख्य लेखक:  Phatak, Arvind V
स्वरूप: Sách
भाषा:Undetermined
प्रकाशित:  McGraw-Hill Irwin  2005
विषय:
टैग : टैग जोड़ें
कोई टैग नहीं, इस रिकॉर्ड को टैग करने वाले पहले व्यक्ति बनें!
Thư viện lưu trữ: Trung tâm Thư viện - Trường Đại học Công nghiệp TP. Hồ Chí Minh
LEADER 00579nam a2200157Ia 4500
001 UIH_05646
008 231011s9999 xx 000 0 und d
082 |a  658.049 
100 |a  Phatak, Arvind V 
245 0 |a  International management : managing in a diverse and dynamic global environment 
245 0 |c  Phatak, Arvind V 
260 |b  McGraw-Hill Irwin 
260 |c  2005 
650 |a  Doanh nghiệp quốc tế; International business enterprises;  
927 |a Sách 
980 |a Trung tâm Thư viện - Trường Đại học Công nghiệp TP. Hồ Chí Minh